Statistiques concernant Légumes par image

Cliquez ici pour prendre le quiz!

Statistiques générales

  • Ce quiz a été pris 20 906 fois
    (17 494 depuis la dernière actualisation)
  • Le résultat moyen est 12 sur 16

Statistiques - réponses

Réponse% Correct
Aubergine
98%
Radis
97%
Citrouille
94%
Poivron
91%
Maïs
88%
Poireau
88%
Concombre
87%
Chou de Bruxelles
84%
Asperge
76%
Chou-fleur
76%
Doubeurre
71%
Navet
68%
Artichaut
67%
Betterave
60%
Fenouil
50%
Panais
39%

Distribution des résultats

Percentile par nombre de réponses

% des personnes avec chaque résultat

Votre développement - résultats

Vous n’avez pas pris ce quiz depuis la dernière actualisation